Schaum's Outline of Theory and Problems of Basic Electrical Engineering / (Record no. 100)
[ view plain ]
| 000 -LEADER | |
|---|---|
| fixed length control field | 00827nac a22002411u 4500 |
| 008 - FIXED-LENGTH DATA ELEMENTS--GENERAL INFORMATION | |
| fixed length control field | 091109t1997 nyu|||||r|||| 00| 0 eng d |
| 010 ## - LIBRARY OF CONGRESS CONTROL NUMBER | |
| LC control number | 96047056 |
| 020 ## - INTERNATIONAL STANDARD BOOK NUMBER | |
| International Standard Book Number | 0070113556 (pbk.) |
| 082 00 - DEWEY DECIMAL CLASSIFICATION NUMBER | |
| Classification number | 621.3 |
| Item number | C3632 |
| Edition number | 22 |
| 100 ## - MAIN ENTRY--PERSONAL NAME | |
| Personal name | Cathey, Jimmie J. |
| 9 (RLIN) | 9237 |
| 245 10 - TITLE STATEMENT | |
| Title | Schaum's Outline of Theory and Problems of Basic Electrical Engineering / |
| Statement of responsibility, etc | Jimmie J. Cathey, Syed A. Nasar. |
| 246 3# - VARYING FORM OF TITLE | |
| Title proper/short title | Theory and problems of basic electrical engineering |
| 246 3# - VARYING FORM OF TITLE | |
| Title proper/short title | Basic electrical engineering |
| 250 ## - EDITION STATEMENT | |
| Edition statement | 2nd ed. |
| 260 ## - PUBLICATION, DISTRIBUTION, ETC. (IMPRINT) | |
| Place of publication, distribution, etc | New York : |
| Name of publisher, distributor, etc | McGraw Hill, |
| Date of publication, distribution, etc | 1997. |
| 300 ## - PHYSICAL DESCRIPTION | |
| Extent | viii, 335 p. : |
| Other physical details | ill. ; |
| Dimensions | 28 cm. |
| 490 0# - Series Statement | |
| Series statement | Schaum's outline series |
| 500 ## - GENERAL NOTE | |
| General note | Includes index. |
| 650 #0 - SUBJECT ADDED ENTRY--TOPICAL TERM | |
| Topical term or geographic name as entry element | Electric engineering. |
| 9 (RLIN) | 9238 |
| 650 #0 - SUBJECT ADDED ENTRY--TOPICAL TERM | |
| Topical term or geographic name as entry element | Electronics. |
| 9 (RLIN) | 9239 |
| 700 1# - ADDED ENTRY--PERSONAL NAME | |
| Personal name | Nasar, S. A. |
| 9 (RLIN) | 9240 |
| 942 ## - ADDED ENTRY ELEMENTS (KOHA) | |
| Item type | Book - Borrowing |
| Call number prefix | 621.3CAT |
| Source of classification or shelving scheme | Dewey Decimal Classification |
| Withdrawn status | Item status | Damaged status | Not for loan | Home library | Current library | Shelving location | Date acquired | Source of acquisition | Total Checkouts | Total Renewals | Full call number | Barcode | Date last seen | Date last borrowed | Cost, replacement price | Koha item type | Source of classification or shelving scheme | Materials specified (bound volume or other part) | Vendor | Cost, normal purchase price | Serial Enumeration / chronology |
|---|---|---|---|---|---|---|---|---|---|---|---|---|---|---|---|---|---|---|---|---|---|
| Central Library | Central Library | First floor | 21/12/2005 | Purchase | 7 | 16 | 621.3 CAT | 000004679 | 15/07/2025 | 08/04/2024 | 120.00 | Book - Borrowing | |||||||||
| Central Library | Central Library | First floor | 21/12/2005 | Purchase | 5 | 4 | 621.3 CAT | 000004653 | 15/07/2025 | 11/11/2010 | 120.00 | Book - Borrowing | |||||||||
| Lost | Central Library | Central Library | First floor | 12/02/2009 | 2 | 621.3 CAT | 000014816 | 26/10/2009 | 21/10/2009 | Book - Borrowing | Dewey Decimal Classification | Lost In Inventory_2015-8-23 | Alahram | 110.20 | 6385 | ||||||
| Central Library | Central Library | First floor | 09/11/2009 | 1 | 621.3 CAT | 000018956 | 15/07/2025 | 14/10/2010 | NB - Book (Non borrowing) | Dewey Decimal Classification | Baccah | ||||||||||
| Central Library | Central Library | First floor | 09/11/2009 | 8 | 20 | 621.3 CAT | 000018958 | 15/07/2025 | 16/01/2017 | Book - Borrowing | Dewey Decimal Classification | Baccah |